| Tag |
First Indicator |
Second Indicator |
Subfields |
| LEADER |
00000cas a2200000L 4500 |
| 001 |
in00000048616 |
| 005 |
20151007073545.0 |
| 008 |
760712c18989999gw zx p 0uuub0ger |
| 010 |
|
|
|a 53038623
|
| 035 |
|
|
|a (OCoLC)02451729
|
| 035 |
|
|
|9 AAE9935AM
|
| 040 |
|
|
|a DLC
|c QPR
|d TXA
|d UtOrBLW
|
| 049 |
|
|
|a TXAE
|
| 050 |
|
0 |
|a TX501
|b .Z4
|
| 245 |
0 |
0 |
|a Zeitschrift fur Lebensmittel-Untersuchung und -Forschung.
|
| 247 |
0 |
0 |
|a Zeitschraft fur Untersuchung der Nahrungs- und Genussmittel
|f 1898-19
|
| 247 |
0 |
0 |
|a Zeitschrift fur Untersuchung der Lebensmittel
|f 19
|
| 264 |
|
1 |
|a Munchen [etc.] :
|b J.F. Bergmann [etc.]
|
| 300 |
|
|
|a volumes in :
|b illustrations ;
|c 25 cm.
|
| 310 |
|
|
|a Frequency varies
|
| 336 |
|
|
|a text
|b txt
|2 rdacontent
|
| 337 |
|
|
|a unmediated
|b n
|2 rdamedia
|
| 338 |
|
|
|a volume
|b nc
|2 rdacarrier
|
| 362 |
0 |
|
|a 1.- Bd.; Jan. 1898-
|
| 515 |
|
|
|a Publication suspended Apr. 1944-Dec. 1947.
|
| 550 |
|
|
|a Official organ of Freie Vereinigung Bayerischer Vertreter der Angewandten Chemie, 1898-19 ; of Verein Deutscher Lebensmittelchemiker, 19 (called 19 -11, Freie Vereinigung Deutscher Nahrungsmittelchemiker; 1912- Verein Deutscher Nahrungsmittelchemiker)
|
| 580 |
|
|
|a Issues for 19 include a separately paged supplement: Gesetze und Verordnungen sowie Gerichtsentscheidungen betr. Lebensmittel.
|
| 650 |
|
0 |
|a Food
|v Periodicals.
|
| 650 |
|
0 |
|a Nutrition
|v Periodicals.
|
| 710 |
2 |
|
|a Freie Vereinigung Bayerischer Vertreter der Angewandten Chemie.
|
| 710 |
2 |
|
|a Verein deutscher Lebensmittelchemiker.
|
| 770 |
1 |
|
|t Gesetze und Verordnungen sowie Gerichtsentscheidungen betr. Lebensmittel
|
| 780 |
0 |
4 |
|t Vierteljahresschrift uber die Fortschritte auf dem Gebiete der Chemie der Nahrungs- und Genussmittel
|
| 780 |
0 |
4 |
|t Forschungs-Berichte uber Lebensmittel und ihre Beziehungen zur Hygiene
|
| 999 |
|
|
|a MARS
|
| 999 |
f |
f |
|s e1251806-330b-3fb6-aec9-e16f56d332b3
|i adb14f11-66b4-356a-9ee2-c8e2bd5535b8
|t 0
|
| 952 |
f |
f |
|p storage
|a Texas A&M University
|b J.J. Pickle Campus
|c High Density Repository
|d Remote Storage
|t 0
|e TX501 .Z4
|h Library of Congress classification
|i unmediated -- volume
|k Bd.134
|l 1967
|m A14840722738
|
| 952 |
f |
f |
|p storage
|a Texas A&M University
|b J.J. Pickle Campus
|c High Density Repository
|d Remote Storage
|t 0
|e TX501 .Z4
|h Library of Congress classification
|i unmediated -- volume
|k Bd.106
|l 1957
|m A14840723190
|
| 952 |
f |
f |
|p storage
|a Texas A&M University
|b J.J. Pickle Campus
|c High Density Repository
|d Remote Storage
|t 0
|e TX501 .Z4
|h Library of Congress classification
|i unmediated -- volume
|k Bd.138
|l 1968
|m A14840722893
|
| 952 |
f |
f |
|p storage
|a Texas A&M University
|b J.J. Pickle Campus
|c High Density Repository
|d Remote Storage
|t 0
|e TX501 .Z4
|h Library of Congress classification
|i unmediated -- volume
|k Bd.172
|l 1981
|m A14840723433
|
| 952 |
f |
f |
|p storage
|a Texas A&M University
|b J.J. Pickle Campus
|c High Density Repository
|d Remote Storage
|t 0
|e TX501 .Z4
|h Library of Congress classification
|i unmediated -- volume
|k Bd.131
|l 1966/67
|m A14840723386
|
| 952 |
f |
f |
|p storage
|a Texas A&M University
|b J.J. Pickle Campus
|c High Density Repository
|d Remote Storage
|t 0
|e TX501 .Z4
|h Library of Congress classification
|i unmediated -- volume
|k Bd.132
|l 1966/67
|m A14840722657
|
| 952 |
f |
f |
|p storage
|a Texas A&M University
|b J.J. Pickle Campus
|c High Density Repository
|d Remote Storage
|t 0
|e TX501 .Z4
|h Library of Congress classification
|i unmediated -- volume
|k Bd.147
|l 1971/72
|m A14840723255
|
| 952 |
f |
f |
|p storage
|a Texas A&M University
|b J.J. Pickle Campus
|c High Density Repository
|d Remote Storage
|t 0
|e TX501 .Z4
|h Library of Congress classification
|i unmediated -- volume
|k Bd.157
|l 1975
|m A14827396738
|
| 952 |
f |
f |
|p storage
|a Texas A&M University
|b J.J. Pickle Campus
|c High Density Repository
|d Remote Storage
|t 0
|e TX501 .Z4
|h Library of Congress classification
|i unmediated -- volume
|k Bd.125
|l 1964
|m A14840723140
|
| 952 |
f |
f |
|p storage
|a Texas A&M University
|b J.J. Pickle Campus
|c High Density Repository
|d Remote Storage
|t 0
|e TX501 .Z4
|h Library of Congress classification
|i unmediated -- volume
|k Bd.111
|l 1959-1960
|m A14840723394
|
| 952 |
f |
f |
|p storage
|a Texas A&M University
|b J.J. Pickle Campus
|c High Density Repository
|d Remote Storage
|t 0
|e TX501 .Z4
|h Library of Congress classification
|i unmediated -- volume
|k Bd.178
|l 1984
|m A14840723637
|
| 952 |
f |
f |
|p storage
|a Texas A&M University
|b J.J. Pickle Campus
|c High Density Repository
|d Remote Storage
|t 0
|e TX501 .Z4
|h Library of Congress classification
|i unmediated -- volume
|k Bd.124
|l 1963-64
|m A14840723108
|
| 952 |
f |
f |
|p storage
|a Texas A&M University
|b J.J. Pickle Campus
|c High Density Repository
|d Remote Storage
|t 0
|e TX501 .Z4
|h Library of Congress classification
|i unmediated -- volume
|k Bd.115
|l 1961
|m A14840722788
|
| 952 |
f |
f |
|p storage
|a Texas A&M University
|b J.J. Pickle Campus
|c High Density Repository
|d Remote Storage
|t 0
|e TX501 .Z4
|h Library of Congress classification
|i unmediated -- volume
|k Bd.155
|l 1974
|m A14840723564
|
| 952 |
f |
f |
|p storage
|a Texas A&M University
|b J.J. Pickle Campus
|c High Density Repository
|d Remote Storage
|t 0
|e TX501 .Z4
|h Library of Congress classification
|i unmediated -- volume
|k Bd.149
|l 1972
|m A14840723297
|
| 952 |
f |
f |
|p storage
|a Texas A&M University
|b J.J. Pickle Campus
|c High Density Repository
|d Remote Storage
|t 0
|e TX501 .Z4
|h Library of Congress classification
|i unmediated -- volume
|k Bd.120
|l 1963
|m A14840722982
|
| 952 |
f |
f |
|p storage
|a Texas A&M University
|b J.J. Pickle Campus
|c High Density Repository
|d Remote Storage
|t 0
|e TX501 .Z4
|h Library of Congress classification
|i unmediated -- volume
|k Bd.98
|l 1954
|m A14840722877
|
| 952 |
f |
f |
|p storage
|a Texas A&M University
|b J.J. Pickle Campus
|c High Density Repository
|d Remote Storage
|t 0
|e TX501 .Z4
|h Library of Congress classification
|i unmediated -- volume
|k Bd.166
|l 1978
|m A14840724007
|
| 952 |
f |
f |
|p storage
|a Texas A&M University
|b J.J. Pickle Campus
|c High Density Repository
|d Remote Storage
|t 0
|e TX501 .Z4
|h Library of Congress classification
|i unmediated -- volume
|k Bd.137
|l 1968
|m A14840722851
|
| 952 |
f |
f |
|p storage
|a Texas A&M University
|b J.J. Pickle Campus
|c High Density Repository
|d Remote Storage
|t 0
|e TX501 .Z4
|h Library of Congress classification
|i unmediated -- volume
|k Bd.171
|l 1980
|m A14840724162
|
| 952 |
f |
f |
|p storage
|a Texas A&M University
|b J.J. Pickle Campus
|c High Density Repository
|d Remote Storage
|t 0
|e TX501 .Z4
|h Library of Congress classification
|i unmediated -- volume
|k Bd.173
|l 1981
|m A14840723475
|
| 952 |
f |
f |
|p storage
|a Texas A&M University
|b J.J. Pickle Campus
|c High Density Repository
|d Remote Storage
|t 0
|e TX501 .Z4
|h Library of Congress classification
|i unmediated -- volume
|k Bd.160
|l 1976
|m A14840723726
|
| 952 |
f |
f |
|p storage
|a Texas A&M University
|b J.J. Pickle Campus
|c High Density Repository
|d Remote Storage
|t 0
|e TX501 .Z4
|h Library of Congress classification
|i unmediated -- volume
|k Bd.174
|l 1982
|m A14840723514
|
| 952 |
f |
f |
|p storage
|a Texas A&M University
|b J.J. Pickle Campus
|c High Density Repository
|d Remote Storage
|t 0
|e TX501 .Z4
|h Library of Congress classification
|i unmediated -- volume
|k Bd.182
|l 1986
|m A14840723792
|
| 952 |
f |
f |
|p storage
|a Texas A&M University
|b J.J. Pickle Campus
|c High Density Repository
|d Remote Storage
|t 0
|e TX501 .Z4
|h Library of Congress classification
|i unmediated -- volume
|k Bd.161
|l 1976
|m A14840723768
|
| 952 |
f |
f |
|p storage
|a Texas A&M University
|b J.J. Pickle Campus
|c High Density Repository
|d Remote Storage
|t 0
|e TX501 .Z4
|h Library of Congress classification
|i unmediated -- volume
|k Bd.95
|l 1952
|m A14840722754
|
| 952 |
f |
f |
|p storage
|a Texas A&M University
|b J.J. Pickle Campus
|c High Density Repository
|d Remote Storage
|t 0
|e TX501 .Z4
|h Library of Congress classification
|i unmediated -- volume
|k Bd.183
|l 1986
|m A14840723831
|
| 952 |
f |
f |
|p storage
|a Texas A&M University
|b J.J. Pickle Campus
|c High Density Repository
|d Remote Storage
|t 0
|e TX501 .Z4
|h Library of Congress classification
|i unmediated -- volume
|k Bd.99
|l 1954
|m A14840722916
|
| 952 |
f |
f |
|p storage
|a Texas A&M University
|b J.J. Pickle Campus
|c High Density Repository
|d Remote Storage
|t 0
|e TX501 .Z4
|h Library of Congress classification
|i unmediated -- volume
|k Bd.109
|l 1959
|m A14840723310
|
| 952 |
f |
f |
|p storage
|a Texas A&M University
|b J.J. Pickle Campus
|c High Density Repository
|d Remote Storage
|t 0
|e TX501 .Z4
|h Library of Congress classification
|i unmediated -- volume
|k Bd.168
|l 1979
|m A14840724049
|
| 952 |
f |
f |
|p storage
|a Texas A&M University
|b J.J. Pickle Campus
|c High Density Repository
|d Remote Storage
|t 0
|e TX501 .Z4
|h Library of Congress classification
|i unmediated -- volume
|k Bd.110
|l 1959
|m A14840723352
|
| 952 |
f |
f |
|p storage
|a Texas A&M University
|b J.J. Pickle Campus
|c High Density Repository
|d Remote Storage
|t 0
|e TX501 .Z4
|h Library of Congress classification
|i unmediated -- volume
|k Bd.113
|l 1960
|m A14840722704
|
| 952 |
f |
f |
|p storage
|a Texas A&M University
|b J.J. Pickle Campus
|c High Density Repository
|d Remote Storage
|t 0
|e TX501 .Z4
|h Library of Congress classification
|i unmediated -- volume
|k Bd.136
|l 1968
|m A14840722819
|
| 952 |
f |
f |
|p storage
|a Texas A&M University
|b J.J. Pickle Campus
|c High Density Repository
|d Remote Storage
|t 0
|e TX501 .Z4
|h Library of Congress classification
|i unmediated -- volume
|k Bd.105
|l 1957
|m A14840723158
|
| 952 |
f |
f |
|p storage
|a Texas A&M University
|b J.J. Pickle Campus
|c High Density Repository
|d Remote Storage
|t 0
|e TX501 .Z4
|h Library of Congress classification
|i unmediated -- volume
|k Bd.102
|l 1955
|m A14840723035
|
| 952 |
f |
f |
|p storage
|a Texas A&M University
|b J.J. Pickle Campus
|c High Density Repository
|d Remote Storage
|t 0
|e TX501 .Z4
|h Library of Congress classification
|i unmediated -- volume
|k Bd.145
|l 1971
|m A14840723174
|
| 952 |
f |
f |
|p storage
|a Texas A&M University
|b J.J. Pickle Campus
|c High Density Repository
|d Remote Storage
|t 0
|e TX501 .Z4
|h Library of Congress classification
|i unmediated -- volume
|k Bd.141
|l 1969/70
|m A14840723019
|
| 952 |
f |
f |
|p storage
|a Texas A&M University
|b J.J. Pickle Campus
|c High Density Repository
|d Remote Storage
|t 0
|e TX501 .Z4
|h Library of Congress classification
|i unmediated -- volume
|k Bd.140
|l 1969
|m A14840722974
|
| 952 |
f |
f |
|p storage
|a Texas A&M University
|b J.J. Pickle Campus
|c High Density Repository
|d Remote Storage
|t 0
|e TX501 .Z4
|h Library of Congress classification
|i unmediated -- volume
|k Bd.159
|l 1975
|m A14840723687
|
| 952 |
f |
f |
|p storage
|a Texas A&M University
|b J.J. Pickle Campus
|c High Density Repository
|d Remote Storage
|t 0
|e TX501 .Z4
|h Library of Congress classification
|i unmediated -- volume
|k Bd.154
|l 1974
|m A14840723522
|
| 952 |
f |
f |
|p storage
|a Texas A&M University
|b J.J. Pickle Campus
|c High Density Repository
|d Remote Storage
|t 0
|e TX501 .Z4
|h Library of Congress classification
|i unmediated -- volume
|k Bd.156
|l 1974
|m A14840723603
|
| 952 |
f |
f |
|p storage
|a Texas A&M University
|b J.J. Pickle Campus
|c High Density Repository
|d Remote Storage
|t 0
|e TX501 .Z4
|h Library of Congress classification
|i unmediated -- volume
|k Bd.126
|l 1964/65
|m A14840723182
|
| 952 |
f |
f |
|p storage
|a Texas A&M University
|b J.J. Pickle Campus
|c High Density Repository
|d Remote Storage
|t 0
|e TX501 .Z4
|h Library of Congress classification
|i unmediated -- volume
|k Bd.184
|l 1987
|m A14809061880
|
| 952 |
f |
f |
|p storage
|a Texas A&M University
|b J.J. Pickle Campus
|c High Density Repository
|d Remote Storage
|t 0
|e TX501 .Z4
|h Library of Congress classification
|i unmediated -- volume
|k Bd.112
|l 1960
|m A14840722665
|
| 952 |
f |
f |
|p storage
|a Texas A&M University
|b J.J. Pickle Campus
|c High Density Repository
|d Remote Storage
|t 0
|e TX501 .Z4
|h Library of Congress classification
|i unmediated -- volume
|k Bd.177
|l 1983
|m A14840723598
|
| 952 |
f |
f |
|p storage
|a Texas A&M University
|b J.J. Pickle Campus
|c High Density Repository
|d Remote Storage
|t 0
|e TX501 .Z4
|h Library of Congress classification
|i unmediated -- volume
|k Bd.97
|l 1953
|m A14840722835
|
| 952 |
f |
f |
|p storage
|a Texas A&M University
|b J.J. Pickle Campus
|c High Density Repository
|d Remote Storage
|t 0
|e TX501 .Z4
|h Library of Congress classification
|i unmediated -- volume
|k Bd.108
|l 1958
|m A14840723271
|
| 952 |
f |
f |
|p storage
|a Texas A&M University
|b J.J. Pickle Campus
|c High Density Repository
|d Remote Storage
|t 0
|e TX501 .Z4
|h Library of Congress classification
|i unmediated -- volume
|k Bd.130
|l 1966
|m A14840723344
|
| 952 |
f |
f |
|p storage
|a Texas A&M University
|b J.J. Pickle Campus
|c High Density Repository
|d Remote Storage
|t 0
|e TX501 .Z4
|h Library of Congress classification
|i unmediated -- volume
|k Bd.146
|l 1971
|m A14840723213
|
| 952 |
f |
f |
|p storage
|a Texas A&M University
|b J.J. Pickle Campus
|c High Density Repository
|d Remote Storage
|t 0
|e TX501 .Z4
|h Library of Congress classification
|i unmediated -- volume
|k Bd.164
|l 1977
|m A14840723920
|
| 952 |
f |
f |
|p storage
|a Texas A&M University
|b J.J. Pickle Campus
|c High Density Repository
|d Remote Storage
|t 0
|e TX501 .Z4
|h Library of Congress classification
|i unmediated -- volume
|k Bd.101
|l 1955
|m A14840722990
|
| 952 |
f |
f |
|p storage
|a Texas A&M University
|b J.J. Pickle Campus
|c High Density Repository
|d Remote Storage
|t 0
|e TX501 .Z4
|h Library of Congress classification
|i unmediated -- volume
|k Bd.123
|l 1963-64
|m A14840723069
|
| 952 |
f |
f |
|p storage
|a Texas A&M University
|b J.J. Pickle Campus
|c High Density Repository
|d Remote Storage
|t 0
|e TX501 .Z4
|h Library of Congress classification
|i unmediated -- volume
|k Bd.158
|l 1975
|m A14840723645
|
| 952 |
f |
f |
|p storage
|a Texas A&M University
|b J.J. Pickle Campus
|c High Density Repository
|d Remote Storage
|t 0
|e TX501 .Z4
|h Library of Congress classification
|i unmediated -- volume
|k Bd.144
|l 1970/71
|m A14840723132
|
| 952 |
f |
f |
|p storage
|a Texas A&M University
|b J.J. Pickle Campus
|c High Density Repository
|d Remote Storage
|t 0
|e TX501 .Z4
|h Library of Congress classification
|i unmediated -- volume
|k Bd.107
|l 1958
|m A14840723239
|
| 952 |
f |
f |
|p storage
|a Texas A&M University
|b J.J. Pickle Campus
|c High Density Repository
|d Remote Storage
|t 0
|e TX501 .Z4
|h Library of Congress classification
|i unmediated -- volume
|k Bd.150
|l 1972/73
|m A14840723336
|
| 952 |
f |
f |
|p storage
|a Texas A&M University
|b J.J. Pickle Campus
|c High Density Repository
|d Remote Storage
|t 0
|e TX501 .Z4
|h Library of Congress classification
|i unmediated -- volume
|k Bd.129
|l 1965/66
|m A14840723302
|
| 952 |
f |
f |
|p storage
|a Texas A&M University
|b J.J. Pickle Campus
|c High Density Repository
|d Remote Storage
|t 0
|e TX501 .Z4
|h Library of Congress classification
|i unmediated -- volume
|k Bd.176
|l 1983
|m A14840723556
|
| 952 |
f |
f |
|p storage
|a Texas A&M University
|b J.J. Pickle Campus
|c High Density Repository
|d Remote Storage
|t 0
|e TX501 .Z4
|h Library of Congress classification
|i unmediated -- volume
|k Bd.135
|l 1967/68
|m A14840722770
|
| 952 |
f |
f |
|p storage
|a Texas A&M University
|b J.J. Pickle Campus
|c High Density Repository
|d Remote Storage
|t 0
|e TX501 .Z4
|h Library of Congress classification
|i unmediated -- volume
|k Beilage:Bd.159-162
|l 1975/76
|m A14840723881
|
| 952 |
f |
f |
|p storage
|a Texas A&M University
|b J.J. Pickle Campus
|c High Density Repository
|d Remote Storage
|t 0
|e TX501 .Z4
|h Library of Congress classification
|i unmediated -- volume
|k Bd.116
|l 1961-62
|m A14840722827
|
| 952 |
f |
f |
|p storage
|a Texas A&M University
|b J.J. Pickle Campus
|c High Density Repository
|d Remote Storage
|t 0
|e TX501 .Z4
|h Library of Congress classification
|i unmediated -- volume
|k Bd.127
|l 1965
|m A14840723221
|
| 952 |
f |
f |
|p storage
|a Texas A&M University
|b J.J. Pickle Campus
|c High Density Repository
|d Remote Storage
|t 0
|e TX501 .Z4
|h Library of Congress classification
|i unmediated -- volume
|k Bd.103
|l 1956
|m A14840723077
|
| 952 |
f |
f |
|p storage
|a Texas A&M University
|b J.J. Pickle Campus
|c High Density Repository
|d Remote Storage
|t 0
|e TX501 .Z4
|h Library of Congress classification
|i unmediated -- volume
|k Bd.117
|l 1962
|m A14840722869
|
| 952 |
f |
f |
|p storage
|a Texas A&M University
|b J.J. Pickle Campus
|c High Density Repository
|d Remote Storage
|t 0
|e TX501 .Z4
|h Library of Congress classification
|i unmediated -- volume
|k Bd.167
|l 1978
|m A14816642809
|
| 952 |
f |
f |
|p storage
|a Texas A&M University
|b J.J. Pickle Campus
|c High Density Repository
|d Remote Storage
|t 0
|e TX501 .Z4
|h Library of Congress classification
|i unmediated -- volume
|k Bd.96
|l 1953
|m A14840722796
|
| 952 |
f |
f |
|p storage
|a Texas A&M University
|b J.J. Pickle Campus
|c High Density Repository
|d Remote Storage
|t 0
|e TX501 .Z4
|h Library of Congress classification
|i unmediated -- volume
|k Bd.185
|l 1987
|m A14811608347
|
| 952 |
f |
f |
|p storage
|a Texas A&M University
|b J.J. Pickle Campus
|c High Density Repository
|d Remote Storage
|t 0
|e TX501 .Z4
|h Library of Congress classification
|i unmediated -- volume
|k Bd.142
|l 1970
|m A14840723051
|
| 952 |
f |
f |
|p storage
|a Texas A&M University
|b J.J. Pickle Campus
|c High Density Repository
|d Remote Storage
|t 0
|e TX501 .Z4
|h Library of Congress classification
|i unmediated -- volume
|k Bd.100
|l 1955
|m A14840722958
|
| 952 |
f |
f |
|p storage
|a Texas A&M University
|b J.J. Pickle Campus
|c High Density Repository
|d Remote Storage
|t 0
|e TX501 .Z4
|h Library of Congress classification
|i unmediated -- volume
|k Bd.181
|l 1985
|m A14840723750
|
| 952 |
f |
f |
|p storage
|a Texas A&M University
|b J.J. Pickle Campus
|c High Density Repository
|d Remote Storage
|t 0
|e TX501 .Z4
|h Library of Congress classification
|i unmediated -- volume
|k Bd.165
|l 1977
|m A14840723962
|
| 952 |
f |
f |
|p storage
|a Texas A&M University
|b J.J. Pickle Campus
|c High Density Repository
|d Remote Storage
|t 0
|e TX501 .Z4
|h Library of Congress classification
|i unmediated -- volume
|k Bd.162
|l 1976
|m A14840723807
|
| 952 |
f |
f |
|p storage
|a Texas A&M University
|b J.J. Pickle Campus
|c High Density Repository
|d Remote Storage
|t 0
|e TX501 .Z4
|h Library of Congress classification
|i unmediated -- volume
|k Bd.128
|l 1965/66
|m A14840723263
|
| 952 |
f |
f |
|p storage
|a Texas A&M University
|b J.J. Pickle Campus
|c High Density Repository
|d Remote Storage
|t 0
|e TX501 .Z4
|h Library of Congress classification
|i unmediated -- volume
|k Bd.179
|l 1984
|m A14840723679
|
| 952 |
f |
f |
|p storage
|a Texas A&M University
|b J.J. Pickle Campus
|c High Density Repository
|d Remote Storage
|t 0
|e TX501 .Z4
|h Library of Congress classification
|i unmediated -- volume
|k Bd.151
|l 1973
|m A14840723378
|
| 952 |
f |
f |
|p storage
|a Texas A&M University
|b J.J. Pickle Campus
|c High Density Repository
|d Remote Storage
|t 0
|e TX501 .Z4
|h Library of Congress classification
|i unmediated -- volume
|k Bd.133
|l 1966/67
|m A14840722699
|
| 952 |
f |
f |
|p storage
|a Texas A&M University
|b J.J. Pickle Campus
|c High Density Repository
|d Remote Storage
|t 0
|e TX501 .Z4
|h Library of Congress classification
|i unmediated -- volume
|k Bd.175
|l 1982
|m A14827397221
|
| 952 |
f |
f |
|p storage
|a Texas A&M University
|b J.J. Pickle Campus
|c High Density Repository
|d Remote Storage
|t 0
|e TX501 .Z4
|h Library of Congress classification
|i unmediated -- volume
|k Bd.148
|l 1972
|m A14827396592
|
| 952 |
f |
f |
|p storage
|a Texas A&M University
|b J.J. Pickle Campus
|c High Density Repository
|d Remote Storage
|t 0
|e TX501 .Z4
|h Library of Congress classification
|i unmediated -- volume
|k Bd.118
|l 1962-63
|m A14840722908
|
| 952 |
f |
f |
|p storage
|a Texas A&M University
|b J.J. Pickle Campus
|c High Density Repository
|d Remote Storage
|t 0
|e TX501 .Z4
|h Library of Congress classification
|i unmediated -- volume
|k Bd.169
|l 1979
|m A14840724081
|
| 952 |
f |
f |
|p storage
|a Texas A&M University
|b J.J. Pickle Campus
|c High Density Repository
|d Remote Storage
|t 0
|e TX501 .Z4
|h Library of Congress classification
|i unmediated -- volume
|k Bd.152
|l 1973
|m A14840723441
|
| 952 |
f |
f |
|p storage
|a Texas A&M University
|b J.J. Pickle Campus
|c High Density Repository
|d Remote Storage
|t 0
|e TX501 .Z4
|h Library of Congress classification
|i unmediated -- volume
|k Bd.114
|l 1961
|m A14840722746
|
| 952 |
f |
f |
|p storage
|a Texas A&M University
|b J.J. Pickle Campus
|c High Density Repository
|d Remote Storage
|t 0
|e TX501 .Z4
|h Library of Congress classification
|i unmediated -- volume
|k Bd.121-122
|l 1963
|m A14840723027
|
| 952 |
f |
f |
|p storage
|a Texas A&M University
|b J.J. Pickle Campus
|c High Density Repository
|d Remote Storage
|t 0
|e TX501 .Z4
|h Library of Congress classification
|i unmediated -- volume
|k Bd.143
|l 1970
|m A14840723093
|
| 952 |
f |
f |
|p storage
|a Texas A&M University
|b J.J. Pickle Campus
|c High Density Repository
|d Remote Storage
|t 0
|e TX501 .Z4
|h Library of Congress classification
|i unmediated -- volume
|k Bd.104
|l 1956
|m A14840723116
|
| 952 |
f |
f |
|p storage
|a Texas A&M University
|b J.J. Pickle Campus
|c High Density Repository
|d Remote Storage
|t 0
|e TX501 .Z4
|h Library of Congress classification
|i unmediated -- volume
|k Bd.119
|l 1962-63
|m A14840722940
|
| 952 |
f |
f |
|p storage
|a Texas A&M University
|b J.J. Pickle Campus
|c High Density Repository
|d Remote Storage
|t 0
|e TX501 .Z4
|h Library of Congress classification
|i unmediated -- volume
|k Bd.180
|l 1985
|m A14840723718
|
| 952 |
f |
f |
|p storage
|a Texas A&M University
|b J.J. Pickle Campus
|c High Density Repository
|d Remote Storage
|t 0
|e TX501 .Z4
|h Library of Congress classification
|i unmediated -- volume
|k Bd.170
|l 1980
|m A14840724120
|
| 952 |
f |
f |
|p storage
|a Texas A&M University
|b J.J. Pickle Campus
|c High Density Repository
|d Remote Storage
|t 0
|e TX501 .Z4
|h Library of Congress classification
|i unmediated -- volume
|k Bd.139
|l 1968
|m A14840722932
|
| 952 |
f |
f |
|p storage
|a Texas A&M University
|b J.J. Pickle Campus
|c High Density Repository
|d Remote Storage
|t 0
|e TX501 .Z4
|h Library of Congress classification
|i unmediated -- volume
|k Bd.94
|l 1952
|m A14840722712
|
| 952 |
f |
f |
|p storage
|a Texas A&M University
|b J.J. Pickle Campus
|c High Density Repository
|d Remote Storage
|t 0
|e TX501 .Z4
|h Library of Congress classification
|i unmediated -- volume
|k Bd.163
|l 1977
|m A14840723849
|
| 952 |
f |
f |
|p storage
|a Texas A&M University
|b J.J. Pickle Campus
|c High Density Repository
|d Remote Storage
|t 0
|e TX501 .Z4
|h Library of Congress classification
|i unmediated -- volume
|k Bd.153
|l 1973
|m A14840723483
|
| 998 |
f |
f |
|a TX501 .Z4
|s Bd.94 (1952)-Bd.185 (1987)
|t 0
|l Remote Storage
|